| 000 | 00404nam a22001217a 4500 | ||
|---|---|---|---|
| 008 | 230510b |||||||| |||| 00| 0 eng d | ||
| 022 | _a0971-913X | ||
| 040 |
_aNational Science Library _cNational Science Library |
||
| 245 | _aJournal of endocrinology and reproduction | ||
| 260 |
_aChennai: _bSociety for Reproductive Biology and Comparative Endocrinology, _c1998 |
||
| 310 | _aHalf-yearly | ||
| 942 | _cCR | ||
| 999 |
_c28323 _d28323 |
||